| Tag |
First Indicator |
Second Indicator |
Subfields |
| LEADER |
00000cam a22000001a 4500 |
| 001 |
in00003292012 |
| 006 |
m d f |
| 007 |
cr bn mmmapmmp |
| 008 |
091021s1990 dcu o f000 0 eng d |
| 005 |
20260504163708.2 |
| 035 |
|
|
|a cis2007457407
|
| 040 |
|
|
|a UMI
|c UMI
|d UtOrBLW
|
| 043 |
|
|
|a n-us---
|
| 074 |
|
|
|a 1035-A-1, 1035-A-2 (MF)
|
| 086 |
0 |
|
|a Y 4.B 22/3:S.hrg.101-491
|z Y 4.B 85/2:S.hrg.101-491
|
| 099 |
|
|
|a HRG-1989-BHU-0031
|
| 110 |
1 |
|
|a United States.
|b Congress.
|b Senate.
|b Committee on Banking, Housing, and Urban Affairs.
|b Subcommittee on Consumer and Regulatory Affairs.
|
| 245 |
1 |
0 |
|a Enforcement of the Community Reinvestment Act :
|b hearing before the Subcommittee on Consumer and Regulatory Affairs of the Committee on Banking, Housing, and Urban Affairs, United States Senate, One Hundred First Congress, first session, on the serious complaints from consumer groups and financial institutions about the regulatory enforcement of the CRA, July 31, 1989.
|
| 264 |
|
1 |
|a Washington :
|b U.S. G.P.O.,
|c 1990.
|
| 300 |
|
|
|a 1 online resource.
|
| 336 |
|
|
|a text
|b txt
|2 rdacontent
|
| 337 |
|
|
|a computer
|b c
|2 rdamedia
|
| 338 |
|
|
|a online resource
|b cr
|2 rdacarrier
|
| 490 |
1 |
|
|a S. hrg. ;
|v 101-491
|
| 500 |
|
|
|a Record is based on bibliographic data in ProQuest Congressional Hearings Digital Collection. Reuse except for individual research requires license from ProQuest, LLC.
|
| 538 |
|
|
|a System requirements: PDF reader software.
|
| 500 |
|
|
|a Electronic resource.
|
| 650 |
|
0 |
|a Bank loans
|z United States.
|
| 650 |
|
0 |
|a Discrimination in mortgage loans
|z United States.
|
| 650 |
|
0 |
|a Community development
|z United States.
|
| 655 |
|
7 |
|a Electronic books.
|2 local
|
| 710 |
2 |
|
|a ProQuest (Firm)
|
| 776 |
0 |
8 |
|i Print version:
|a United States. Congress. Senate. Committee on Banking, Housing, and Urban Affairs. Subcommittee on Consumer and Regulatory Affairs
|t Enforcement of the Community Reinvestment Act
|w (OCoLC)21427818
|w gp 90012099
|
| 776 |
0 |
8 |
|i Microfiche version:
|a United States. Congress. Senate. Committee on Banking, Housing, and Urban Affairs. Subcommittee on Consumer and Regulatory Affairs
|t Enforcement of the Community Reinvestment Act.
|d [Bethesda, Md.] : ProQuest,[2004]
|o CIS 90 S241-18
|w (ProQuest)cis09001919
|
| 810 |
1 |
|
|a United States.
|b Congress.
|b Senate.
|t S. hrg. ;
|v 101-491.
|
| 830 |
|
0 |
|a U.S. Congressional Hearings.
|
| 856 |
4 |
0 |
|u http://proxy.library.tamu.edu/login?url=https://congressional.proquest.com/congcomp/getdoc?HEARING-ID=HRG-1989-BHU-0031
|z Connect to the full text of this electronic book
|t 0
|
| 998 |
|
|
|a cis09001919
|
| 999 |
|
|
|a MARS
|
| 999 |
f |
f |
|s 5f493b62-5619-3332-8270-c8bf55530c73
|i 29ede68a-da60-3689-a0fa-a32abd582669
|t 0
|
| 952 |
f |
f |
|a Texas A&M University
|b College Station
|c Electronic Resources
|s www_evans
|d Available Online
|t 0
|e HRG-1989-BHU-0031
|h Other scheme
|
| 998 |
f |
f |
|a HRG-1989-BHU-0031
|t 0
|l Available Online
|